000 00612nam a22001817a 4500
003 1
005 20220429133030.0
008 220429b xxu||||| |||| 00| 0 eng d
020 _a978-621-04-0385-5
050 _aLB1585
_b.A438 2020
100 _aAlata, Eden Joy P.
245 _aA course module for teaching strategies for Elementary science (physics, earth , and space science)/
_cEden Joy P. Alata; Elen Joy P. Alata
260 _aManila:
_bRex Book Store.
_cc2020
300 _a172 pp.
_c25 cm.
_eIncludes index.
500 _aTeaching- course module.
500 _aTeaching- strategies.
942 _2lcc
_cBK
999 _c364725
_d364725